| 000 | 00776nam a2200193 4500 | ||
|---|---|---|---|
| 001 | 131413 | ||
| 003 | ES-MaACL | ||
| 005 | 20230906193957.0 | ||
| 007 | t| | ||
| 008 | 070214s1973 sp r ||||1| cat d | ||
| 100 | 1 |
_aRoca y Reus, Guillermo. _998016 |
|
| 245 | 1 | 0 |
_aPoema satíric contra el vici i la mala costum del beure / _cper Guillem Roca i Reus ; continuat per Antoni Cabrer, pvre. ; amb una contestació del missèr Joan Ferráa i concláos amb una faula del susdit missèr Roca ; ara editat a cura de Jaume Vidal Alcover. |
| 260 |
_aPalma de Mallorca : _bMoll, _c1973. |
||
| 300 |
_a117 p. ; _c16 cm. |
||
| 700 | 1 |
_aCabrer, Antonio. _933273 |
|
| 700 | 1 |
_aFerráa, Joan. _9127068 |
|
| 700 | 1 |
_aVidal Alcover, Jaume. _9114465 |
|
| 852 |
_aES-MaACL _jC-55793 _bR.88448 |
||
| 999 |
_c131413 _d131413 |
||